000 00272nam a22001217a 4500
003 OSt
008 231108b |||||||| |||| 00| 0 eng d
041 _ahin
082 _a891.54
_bLOK/KA
100 _aSilakari, Loknath Dwivedi
_95570
245 _aKavya nikash
942 _cBK
999 _c17778
_d17778